[Event "Cattolica d'Estate op-A 2nd"]
[Site "Cattolica"]
[Date "2022.06.02"]
[Round "6"]
[White "Mohamed, Anees M"]
[Black "Franciosi, Fausto"]
[Result "1-0"]
[WhiteElo "2209"]
[BlackElo "2204"]
[PlyCount "117"]
[EventDate "2022.05.30"]
[EventType "swiss"]
[EventRounds "9"]
[EventCountry "ITA"]
[SourceTitle "EXT 2023"]
[Source "ChessBase"]
[SourceDate "2022.10.05"]
[SourceVersion "1"]
[SourceVersionDate "2022.10.05"]
[SourceQuality "1"]

1. e4 c5 2. Nf3 e6 3. d4 cxd4 4. Nxd4 Nc6 5. Nc3 Qc7 6. g3 Nf6 7. Bg2 Nxd4 8. Qxd4 Bc5 9. Qd3 Ng4 10. 0-0 a6 11. Qe2 h5 12. Bf4 Ne5 13. h4 b5 14. Rad1 Bb7 15. Nd5 Qb8 16. Ne3 Bc6 17. c3 Ra7 18. b4 Bd6 19. c4 Kf8 20. c5 Bc7 21. Nd5 f6 22. Nxc7 Qxc7 23. Rd6 Ng6 24. Bd2 Ne5 25. Bc3 Nc4 26. Rdd1 Ke7 27. f4 Qb7 28. Rfe1 Raa8 29. Rd5 g6 30. Rdd1 Rae8 31. Rd4 Rh7 32. Red1 Rd8 33. Qd3 Rf7 34. Re1 Rg8 35. Qd1 Rh7 36. Rxc4 bxc4 37. Qd6+ Kf7 38. Qd4 Ke8 39. Qxf6 Rf7 40. Qd4 g5 41. fxg5 Qb8 42. Qe5 Qxe5 43. Bxe5 Rgf8 44. g6 Re7 45. Rc1 Bb5 46. g7 Rg8 47. Bf3 Rexg7 48. Bxg7 Rxg7 49. Bxh5+ Ke7 50. Kg2 d5 51. cxd6+ Kxd6 52. a4 Bxa4 53. Rxc4 Rb7 54. Bf3 e5 55. h5 Bb3 56. Rc8 Rxb4 57. h6 Rb7 58. Rh8 Bc4 59. g4 1-0

[Event "Cattolica d'Estate op-A 2nd"]
[Site "Cattolica"]
[Date "2022.05.31"]
[Round "3"]
[White "Franciosi, Fausto"]
[Black "Poysti, Nathanael Nicolai"]
[Result "1/2-1/2"]
[WhiteElo "2204"]
[BlackElo "2173"]
[PlyCount "77"]
[EventDate "2022.05.30"]
[EventType "swiss"]
[EventRounds "9"]
[EventCountry "ITA"]
[SourceTitle "EXT 2023"]
[Source "ChessBase"]
[SourceDate "2022.10.05"]
[SourceVersion "1"]
[SourceVersionDate "2022.10.05"]
[SourceQuality "1"]

1. d4 Nf6 2. Nf3 e6 3. c4 a6 4. e3 d5 5. b3 b6 6. Bd3 Bd6 7. 0-0 0-0 8. Bb2 Bb7 9. Nbd2 Nbd7 10. Qc2 c5 11. Rac1 h6 12. Qb1 Qe7 13. Rfe1 Rac8 14. e4 dxe4 15. Nxe4 Nxe4 16. Bxe4 Bxe4 17. Qxe4 Nf6 18. Qh4 cxd4 19. Nxd4 Rc5 20. Nf3 Rf5 21. Rcd1 Bb4 22. Re3 Rd8 23. Red3 Rxd3 24. Rxd3 Ba3 25. Be5 Qb7 26. Qd4 Bc5 27. Qd8+ Kh7 28. Bd4 Qe4 29. Bxc5 bxc5 30. Rd1 Qg4 31. Qd3 g6 32. h3 Qf4 33. Qe3 Qxe3 34. fxe3 Ne4 35. Rd7 Nc3 36. a3 g5 37. Rd3 Ne4 38. Nd2 Ng3 39. Kh2 1/2-1/2

[Event "Cattolica d'Estate op-A 2nd"]
[Site "Cattolica"]
[Date "2022.05.31"]
[Round "2"]
[White "Pellizzieri, Fabio Angelo"]
[Black "Franciosi, Fausto"]
[Result "1/2-1/2"]
[WhiteElo "1954"]
[BlackElo "2204"]
[PlyCount "40"]
[EventDate "2022.05.30"]
[EventType "swiss"]
[EventRounds "9"]
[EventCountry "ITA"]
[SourceTitle "EXT 2023"]
[Source "ChessBase"]
[SourceDate "2022.10.05"]
[SourceVersion "1"]
[SourceVersionDate "2022.10.05"]
[SourceQuality "1"]

1. e4 c5 2. Nf3 e6 3. c4 Nc6 4. d4 cxd4 5. Nxd4 Qc7 6. Nc3 a6 7. Be2 Nf6 8. Be3 Bb4 9. Qc2 0-0 10. f3 d5 11. exd5 exd5 12. a3 Re8 13. axb4 Rxe3 14. Nxc6 bxc6 15. cxd5 cxd5 16. Qd2 Qe5 17. Kf2 d4 18. Rhe1 Qxh2 19. Qxd4 Re8 20. b5 Qb8 1/2-1/2

[Event "Bassano del Grappa Easter op-A 2nd"]
[Site "Bassano del Grappa"]
[Date "2022.04.14"]
[Round "1"]
[White "Bajorski, Marius"]
[Black "Franciosi, Fausto"]
[Result "1/2-1/2"]
[WhiteElo "1857"]
[BlackElo "2214"]
[PlyCount "88"]
[EventDate "2022.04.14"]
[EventType "swiss"]
[EventRounds "9"]
[EventCountry "ITA"]
[SourceTitle "EXT 2024"]
[Source "ChessBase"]
[SourceDate "2023.10.10"]
[SourceVersion "1"]
[SourceVersionDate "2023.10.10"]
[SourceQuality "1"]

1. e4 Nf6 2. e5 Nd5 3. d4 d6 4. c4 Nb6 5. exd6 exd6 6. Nc3 Be7 7. Bd3 Nc6 8. Nge2 Bg4 9. f3 Bh5 10. 0-0 0-0 11. Nf4 Bg6 12. Nxg6 hxg6 13. Be3 Bf6 14. Be2 d5 15. c5 Nc4 16. Bxc4 dxc4 17. Ne2 b5 18. Qd2 Ne7 19. Bg5 Nd5 20. Bxf6 Nxf6 21. Rfe1 Qd7 22. Ng3 Rad8 23. Rad1 Rfe8 24. Rxe8+ Qxe8 25. Kf2 Qc6 26. a3 a6 27. Qf4 Re8 28. Re1 Rxe1 29. Kxe1 Nd5 30. Qg5 Qe6+ 31. Kd2 Nf6 32. Qf4 Qd7 33. Ne2 a5 34. Qe5 b4 35. c6 Qxc6 36. Qxa5 Nd5 37. axb4 Qe6 38. Qa3 Kh7 39. h3 f6 40. f4 Qd6 41. b5 c3+ 42. Kc2 Qe6 43. Nxc3 Nxf4 44. Qc5 Qd7 1/2-1/2

[Event "Presolana op 38th"]
[Site "Presolana"]
[Date "2018.08.21"]
[Round "4"]
[White "Franciosi, Fausto"]
[Black "Salvador, Roland"]
[Result "1-0"]
[WhiteElo "2277"]
[BlackElo "2423"]
[PlyCount "75"]
[EventDate "2018.08.18"]
[EventType "swiss"]
[EventRounds "9"]
[EventCountry "ITA"]
[SourceTitle "CBM 186 Extra"]
[Source "ChessBase"]
[SourceDate "2018.08.24"]
[SourceVersion "1"]
[SourceVersionDate "2018.08.24"]
[SourceQuality "1"]

1. d4 Nf6 2. Nf3 b6 3. c4 Bb7 4. Nc3 g6 5. Qc2 d5 6. cxd5 Nxd5 7. e4 Nxc3 8. bxc3 Bg7 9. Be2 Nd7 10. Be3 0-0 11. Rd1 e5 12. d5 h6 13. Nd2 f5 14. f3 f4 15. Bf2 Rf6 16. Nb3 Rc8 17. 0-0 Bf8 18. c4 c5 19. dxc6 Bxc6 20. c5 b5 21. Qc3 Qe7 22. Rd2 Nb8 23. Na5 a6 24. Nxc6 Nxc6 25. Rfd1 Qe6 26. Rd5 Rf7 27. a4 Rb7 28. Rb1 Rcb8 29. axb5 axb5 30. Bd1 b4 31. Qb2 b3 32. Ra1 Nd4 33. Bxd4 exd4 34. Ra3 d3 35. Rxb3 Bxc5+ 36. Kf1 Rxb3 37. Bxb3 Qb6 38. Rd8+ 1-0

[Event "Sant'Angelo Festival Abruzzo"]
[Site "Sant'Angelo"]
[Date "2018.08.11"]
[Round "9.6"]
[White "Sjoberg, Isak"]
[Black "Franciosi, Fausto"]
[Result "1/2-1/2"]
[WhiteElo "2089"]
[BlackElo "2277"]
[PlyCount "54"]
[EventDate "2018.08.05"]
[EventType "swiss"]
[EventRounds "9"]
[EventCountry "ITA"]
[SourceTitle "EXT 2024"]
[Source "ChessBase"]
[SourceDate "2023.10.10"]
[SourceVersion "1"]
[SourceVersionDate "2023.10.10"]
[SourceQuality "1"]

1. e4 e6 2. d4 d5 3. Nd2 Be7 4. Bd3 c5 5. dxc5 Nf6 6. Qe2 0-0 7. Ngf3 a5 8. a4 Na6 9. e5 Nd7 10. Nb3 Naxc5 11. Nxc5 Nxc5 12. Nd4 Bd7 13. b3 Nxd3+ 14. Qxd3 Qc7 15. Nf3 f6 16. Bb2 Rac8 17. Rc1 fxe5 18. Bxe5 Rxf3 19. Qe2 Bb4+ 20. Kf1 Rxf2+ 21. Kxf2 Rf8+ 22. Kg3 Bd6 23. Rce1 Qc3+ 24. Kg4 h5+ 25. Kh4 g5+ 26. Kxh5 Be8+ 27. Kg4 Bxe5 1/2-1/2

[Event "Bratto op 36th"]
[Site "Bratto"]
[Date "2016.08.22"]
[Round "3"]
[White "Manca, Federico"]
[Black "Franciosi, Fausto"]
[Result "1-0"]
[WhiteElo "2396"]
[BlackElo "2242"]
[PlyCount "107"]
[EventDate "2016.08.20"]
[EventType "swiss"]
[EventRounds "9"]
[EventCountry "ITA"]
[SourceTitle "CBM 174 Extra"]
[Source "ChessBase"]
[SourceDate "2016.10.10"]
[SourceVersion "1"]
[SourceVersionDate "2016.10.10"]
[SourceQuality "1"]

1. e4 e6 2. d4 d5 3. Nc3 Nf6 4. Bg5 dxe4 5. Nxe4 Be7 6. Bxf6 gxf6 7. Nf3 b6 8. Bc4 Bb7 9. Qe2 c6 10. 0-0 0-0 11. Rfe1 Kh8 12. Rad1 Nd7 13. Ba6 Bxa6 14. Qxa6 Qc7 15. Qe2 Rg8 16. c4 f5 17. Nc3 Rg6 18. d5 Rag8 19. g3 f4 20. Ne4 fxg3 21. hxg3 cxd5 22. cxd5 exd5 23. Rxd5 Nf6 24. Nxf6 Bxf6 25. Rh5 Rc8 26. Kg2 Qc2 27. Qb5 Kg7 28. Qd7 Qc7 29. Qf5 h6 30. b3 Qc2 31. Qf4 Rc5 32. Rxc5 Qxc5 33. Re8 Qc6 34. Qb8 Kh7 35. Rf8 Kg7 36. Rh8 Be7 37. Qg8+ Kf6 38. Rxh6 Rxh6 39. Qg5+ Ke6 40. Qxh6+ f6 41. Qh3+ Kd6 42. Qg4 Kc7 43. Qf5 a5 44. a4 Bd8 45. Kh2 Qd6 46. Qe4 Qc6 47. Qe3 Kb7 48. Nd4 Qd5 49. Kg1 Bc7 50. Kf1 Kb8 51. Ke2 Kb7 52. Qf3 Qxf3+ 53. Kxf3 Be5 54. Ke4 1-0

[Event "Bratto op 35th"]
[Site "Bratto"]
[Date "2015.08.28"]
[Round "7"]
[White "Franciosi, Fausto"]
[Black "Cattaneo, Marco"]
[Result "0-1"]
[WhiteElo "2139"]
[BlackElo "2175"]
[PlyCount "108"]
[EventDate "2015.08.22"]
[EventType "swiss"]
[EventRounds "9"]
[EventCountry "ITA"]
[SourceTitle "EXT 2017"]
[Source "ChessBase"]
[SourceDate "2016.10.25"]
[SourceVersion "1"]
[SourceVersionDate "2016.10.25"]
[SourceQuality "1"]

1. d4 Nf6 2. Nf3 g6 3. c4 Bg7 4. Nc3 0-0 5. e4 d6 6. Be2 e5 7. d5 a5 8. Bg5 h6 9. Bh4 Na6 10. Nd2 Nc5 11. 0-0 Bd7 12. Rb1 c6 13. b3 g5 14. Bg3 cxd5 15. cxd5 b5 16. b4 axb4 17. Rxb4 Qa5 18. Qb1 Na6 19. Rb3 Rfc8 20. Rc1 b4 21. Nd1 Rxc1 22. Qxc1 Nc5 23. f3 Nxb3 24. axb3 Qa1 25. Qxa1 Rxa1 26. Be1 Ne8 27. Kf2 f5 28. Nc4 fxe4 29. fxe4 Nf6 30. Bxb4 Nxe4+ 31. Ke3 Nf6 32. Nc3 Rc1 33. Kd2 Rh1 34. Bxd6 Rxh2 35. Ne3 Ne8 36. Bb8 Kf7 37. b4 Ke7 38. b5 Kd8 39. Ne4 Kc8 40. Ba7 Bf8 41. b6 Kb7 42. Kc3 Rh1 43. d6 Bxd6 44. Nc4 Rc1+ 45. Kb2 Rxc4 46. Bxc4 Bc6 47. Bd3 Bb4 48. Kb3 Nd6 49. Kxb4 Nxe4 50. Bc4 Ng3 51. Kc5 Bxg2 52. Kd6 h5 53. Kxe5 h4 54. Be6 h3 0-1

[Event "Bratto op 35th"]
[Site "Bratto"]
[Date "2015.08.26"]
[Round "5"]
[White "Franciosi, Fausto"]
[Black "Vuelban, Virgilio"]
[Result "1/2-1/2"]
[WhiteElo "2139"]
[BlackElo "2349"]
[PlyCount "158"]
[EventDate "2015.08.22"]
[EventType "swiss"]
[EventRounds "9"]
[EventCountry "ITA"]
[SourceTitle "EXT 2016"]
[Source "ChessBase"]
[SourceDate "2015.10.08"]
[SourceVersion "1"]
[SourceVersionDate "2015.10.08"]
[SourceQuality "1"]

1. d4 Nf6 2. Nf3 e6 3. c4 d5 4. e3 c5 5. Nc3 Nc6 6. Be2 a6 7. 0-0 dxc4 8. dxc5 Bxc5 9. Qxd8+ Kxd8 10. Bxc4 b5 11. Bd3 Ke7 12. Ne4 Bb6 13. Nxf6 gxf6 14. Bd2 Bb7 15. Rfd1 f5 16. Bf1 Rhd8 17. Rdc1 f6 18. Rc2 Kf7 19. b4 Ne7 20. a4 Be4 21. Rb2 Bc6 22. axb5 axb5 23. Rba2 Rxa2 24. Rxa2 Bd5 25. Ra6 Nc8 26. Bc3 Bc4 27. Nd2 Bxf1 28. Kxf1 Rd3 29. Ra3 Ne7 30. Ke2 Rd8 31. Nf3 e5 32. Ne1 Nd5 33. Bd2 Rc8 34. g3 Rc4 35. Rb3 Bd8 36. Nd3 Be7 37. Nb2 Rc2 38. Kd3 Rc7 39. Nd1 e4+ 40. Ke2 Rc2 41. Ke1 Ra2 42. Nc3 Ra1+ 43. Nb1 Ke6 44. Ke2 Ra2 45. Ke1 Kd7 46. Nc3 Ra1+ 47. Ke2 Kc6 48. Nd1 Ra2 49. Nb2 Bd6 50. Kd1 Be5 51. Kc2 Ra1 52. Nd1 h5 53. h4 Ra2+ 54. Nb2 Ra8 55. Nd1 Kb6 56. Bc1 Ra4 57. Bd2 Ra2+ 58. Nb2 Ra1 59. Nd1 Kc6 60. Bc1 Ra4 61. Bd2 Bd6 62. Nb2 Ra1 63. Nd1 Kd7 64. Be1 Ke6 65. Bd2 Ra2+ 66. Nb2 Be5 67. Kb1 Rxb2+ 68. Rxb2 Bxb2 69. Kxb2 f4 70. exf4 Kf5 71. Kc2 Kg4 72. Kd1 Kf3 73. Ke1 f5 74. Kf1 Nf6 75. Be3 Ng4 76. Bc5 e3 77. Bxe3 Nxe3+ 78. fxe3 Kxg3 79. Ke2 Kg4 1/2-1/2

[Event "Bratto op 35th"]
[Site "Bratto"]
[Date "2015.08.25"]
[Round "4"]
[White "Corvi, Marco"]
[Black "Franciosi, Fausto"]
[Result "1/2-1/2"]
[WhiteElo "2322"]
[BlackElo "2139"]
[PlyCount "129"]
[EventDate "2015.08.22"]
[EventType "swiss"]
[EventRounds "9"]
[EventCountry "ITA"]
[SourceTitle "EXT 2016"]
[Source "ChessBase"]
[SourceDate "2015.10.08"]
[SourceVersion "1"]
[SourceVersionDate "2015.10.08"]
[SourceQuality "1"]

1. c4 Nf6 2. Nc3 g6 3. g3 Bg7 4. Bg2 0-0 5. e4 d6 6. Nge2 c5 7. 0-0 Nc6 8. a3 a6 9. Rb1 Rb8 10. b4 cxb4 11. axb4 b5 12. cxb5 axb5 13. d4 e5 14. dxe5 dxe5 15. Be3 Be6 16. Nd5 Nd7 17. Qc2 Nd4 18. Qb2 Bxd5 19. exd5 Nf5 20. Bc5 Nb6 21. Qb3 Nd6 22. Bxd6 Qxd6 23. Nc3 Qe7 24. Nxb5 Nc8 25. Nc3 Nd6 26. Rfc1 f5 27. Na4 e4 28. Nc5 Rfc8 29. Ne6 Rxc1+ 30. Rxc1 Rb7 31. Qa3 Ra7 32. Qe3 Rb7 33. Qc5 Rb5 34. Qc6 Rxb4 35. Qa8+ Qe8 36. Qa3 Qb8 37. Nxg7 Kxg7 38. Qc3+ Kg8 39. Bf1 Rb6 40. Qe5 Nf7 41. Qe7 Qd8 42. Qa7 Qb8 43. Qd7 Kg7 44. Rc7 Qf8 45. h4 Rd6 46. Qb5 Qd8 47. Qb7 Qf8 48. Bc4 h5 49. Rc8 Rb6 50. Qxb6 Qxc8 51. Qd4+ Kh7 52. Qa7 Kg8 53. Bf1 Nd6 54. Qe7 Qf8 55. Qe6+ Kg7 56. Kg2 Qd8 57. Be2 Qf8 58. Bd1 Kh6 59. Qe5 Kh7 60. Ba4 Qd8 61. Bc6 Kg8 62. Qe6+ Kg7 63. Bd7 Qf6 64. Kf1 Qd8 65. Bc6 1/2-1/2

[Event "Bratto op 35th"]
[Site "Bratto"]
[Date "2015.08.24"]
[Round "3"]
[White "Franciosi, Fausto"]
[Black "Sulava, Nenad"]
[Result "1/2-1/2"]
[WhiteElo "2139"]
[BlackElo "2442"]
[PlyCount "57"]
[EventDate "2015.08.22"]
[EventType "swiss"]
[EventRounds "9"]
[EventCountry "ITA"]
[SourceTitle "EXT 2016"]
[Source "ChessBase"]
[SourceDate "2015.10.08"]
[SourceVersion "1"]
[SourceVersionDate "2015.10.08"]
[SourceQuality "1"]

1. Nf3 c5 2. g3 g6 3. Bg2 Bg7 4. 0-0 Nc6 5. d3 d6 6. e4 e5 7. c3 Nge7 8. a3 0-0 9. b4 h6 10. Nbd2 Be6 11. Nb3 b6 12. b5 Nb8 13. Nbd2 Nd7 14. Bb2 f5 15. exf5 gxf5 16. Nh4 Rc8 17. c4 Qe8 18. f4 Ng6 19. Nxg6 Qxg6 20. Qc2 exf4 21. gxf4 Kh7 22. Nf3 Bxb2 23. Qxb2 Rf6 24. Kh1 Rg8 25. Rg1 Qh5 26. Rae1 Rfg6 27. Qe2 Qg4 28. Qe3 Qh5 29. Qe2 1/2-1/2

[Event "Bratto op 34th"]
[Site "Bratto"]
[Date "2014.08.25"]
[Round "5"]
[White "Franciosi, Fausto"]
[Black "Sharma, Dinesh Kumar"]
[Result "0-1"]
[WhiteElo "2101"]
[BlackElo "2359"]
[PlyCount "66"]
[EventDate "2014.08.22"]
[EventType "swiss"]
[EventRounds "9"]
[EventCountry "ITA"]
[SourceTitle "EXT 2016"]
[Source "ChessBase"]
[SourceDate "2015.10.08"]
[SourceVersion "1"]
[SourceVersionDate "2015.10.08"]
[SourceQuality "1"]

1. e4 e6 2. d3 d5 3. Nd2 Nf6 4. Ngf3 Bc5 5. Be2 dxe4 6. dxe4 Ng4 7. 0-0 Bxf2+ 8. Rxf2 Ne3 9. Qe1 Nxc2 10. Qd1 Nxa1 11. b3 0-0 12. Bb2 Nxb3 13. Qxb3 b6 14. Bc4 c5 15. Ne5 Qe7 16. Qg3 f6 17. Ng4 Nd7 18. Qc7 Re8 19. Qg3 Kh8 20. e5 f5 21. Nf6 Rd8 22. Qh4 Nf8 23. g4 a6 24. gxf5 b5 25. Bxe6 Bxe6 26. fxe6 Qxe6 27. Nfe4 c4 28. Nd6 Kg8 29. N2e4 h6 30. Rg2 b4 31. Nxc4 Rd1+ 32. Kf2 Qf5+ 33. Ke2 Qf1+ 0-1

[Event "Campobasso op 20th"]
[Site "Campobasso"]
[Date "2013.08.04"]
[Round "6"]
[White "Franciosi, Fausto"]
[Black "Naumkin, Igor"]
[Result "1/2-1/2"]
[WhiteElo "2084"]
[BlackElo "2445"]
[PlyCount "77"]
[EventDate "2013.08.02"]
[EventType "swiss"]
[EventRounds "6"]
[EventCountry "ITA"]
[SourceTitle "EXT 2015"]
[Source "ChessBase"]
[SourceDate "2014.11.20"]
[SourceVersion "1"]
[SourceVersionDate "2014.11.20"]
[SourceQuality "1"]

1. d4 Nf6 2. c4 e6 3. Nf3 b6 4. a3 Bb7 5. Nc3 d5 6. Bg5 Be7 7. Bxf6 Bxf6 8. cxd5 exd5 9. Qa4+ Nd7 10. g3 c6 11. Bg2 0-0 12. 0-0 Be7 13. Rfd1 f5 14. b4 a6 15. Qb3 Kh8 16. a4 b5 17. axb5 axb5 18. Ne1 Rxa1 19. Rxa1 f4 20. Nd3 fxg3 21. hxg3 Bd6 22. e4 dxe4 23. Nxe4 Bb8 24. Ndc5 Nxc5 25. dxc5 Qe7 26. Rd1 Bc8 27. Qe3 Bg4 28. Rd2 Be5 29. Nd6 h5 30. Bxc6 Qf6 31. Bg2 Bc3 32. Rd5 Bxb4 33. Nxb5 Qa1+ 34. Kh2 Qb2 35. f4 Ba5 36. Nd6 Qa2 37. Nf7+ Kg8 38. Ne5 Be6 39. Rd6 1/2-1/2

[Event "Campobasso op 20th"]
[Site "Campobasso"]
[Date "2013.08.02"]
[Round "2"]
[White "Stromboli, Ettore"]
[Black "Franciosi, Fausto"]
[Result "1-0"]
[WhiteElo "2336"]
[BlackElo "2084"]
[PlyCount "75"]
[EventDate "2013.08.02"]
[EventType "swiss"]
[EventRounds "6"]
[EventCountry "ITA"]
[SourceTitle "EXT 2015"]
[Source "ChessBase"]
[SourceDate "2014.11.20"]
[SourceVersion "1"]
[SourceVersionDate "2014.11.20"]
[SourceQuality "1"]

1. e4 e6 2. d4 d5 3. e5 c5 4. c3 Nc6 5. Be3 Qb6 6. Qd2 Nh6 7. Nf3 Nf5 8. Be2 cxd4 9. cxd4 Bd7 10. 0-0 Rc8 11. Nc3 Na5 12. Rac1 Bb4 13. Bd3 Ne7 14. Qe2 Nc4 15. Rc2 Bxc3 16. Rxc3 Qa5 17. a3 a6 18. Bxc4 dxc4 19. Rxc4 Rxc4 20. Qxc4 Bc6 21. Nd2 Qd5 22. Qxd5 Bxd5 23. Rc1 Kd7 24. f3 Rc8 25. Rc3 f5 26. exf6 gxf6 27. Ne4 Ng8 28. Nc5+ Ke7 29. Kf2 Rd8 30. Ne4 Bc6 31. h4 Kf7 32. Nc5 Ne7 33. Rb3 Nf5 34. Nxb7 Rd5 35. Rb6 Bb5 36. h5 Nxe3 37. Kxe3 Rxh5 38. Nd8+ 1-0

[Event "Montesilvano Adriatico op 2nd"]
[Site "Montesilvano"]
[Date "2013.03.03"]
[Round "5"]
[White "Grasso, Nino"]
[Black "Franciosi, Fausto"]
[Result "0-1"]
[WhiteElo "2056"]
[BlackElo "2081"]
[PlyCount "88"]
[EventDate "2013.03.01"]
[EventType "swiss"]
[EventRounds "5"]
[EventCountry "ITA"]
[SourceTitle "CBM 153 Extra"]
[Source "ChessBase"]
[SourceDate "2013.04.22"]
[SourceVersion "1"]
[SourceVersionDate "2013.04.22"]
[SourceQuality "1"]

1. e4 d6 2. d4 Nf6 3. Nc3 e5 4. Nf3 Nbd7 5. Bc4 Be7 6. 0-0 0-0 7. Qe2 c6 8. a4 a5 9. Rd1 Qc7 10. h3 Nb6 11. Bb3 Nfd7 12. Be3 exd4 13. Nxd4 Nc5 14. Nf5 Bxf5 15. Bxc5 Be6 16. Bd4 Bxb3 17. Qg4 g6 18. cxb3 Nd7 19. Rac1 Qd8 20. f4 f5 21. Qe2 fxe4 22. Qxe4 d5 23. Qe6+ Rf7 24. Kh1 Nf8 25. Qe3 Bf6 26. Re1 Bxd4 27. Qxd4 Qf6 28. Qxf6 Rxf6 29. Re7 Rf7 30. Rce1 Rd8 31. Kg1 Rd7 32. Rxd7 Nxd7 33. g3 Nc5 34. Re3 d4 35. Re8+ Rf8 36. Rxf8+ Kxf8 37. Ne2 Nxb3 38. Kf2 Ke7 39. Kf3 Nd2+ 40. Kf2 c5 41. g4 Ke6 42. Nc1 c4 43. Ke2 Ne4 44. Kf3 d3 0-1

[Event "Livigno op-A 3rd"]
[Site "Livigno"]
[Date "2012.09.14"]
[Round "6"]
[White "Franciosi, Fausto"]
[Black "Krumm, Johannes"]
[Result "1/2-1/2"]
[WhiteElo "2074"]
[BlackElo "2033"]
[PlyCount "39"]
[EventDate "2012.09.10"]
[EventType "swiss"]
[EventRounds "9"]
[EventCountry "ITA"]
[SourceTitle "CBM 150 Extra"]
[Source "ChessBase"]
[SourceDate "2012.10.19"]
[SourceVersion "1"]
[SourceVersionDate "2012.10.19"]
[SourceQuality "1"]

1. d4 d5 2. c4 c6 3. Nc3 Nf6 4. cxd5 cxd5 5. Bf4 Nc6 6. e3 Bf5 7. Qb3 Na5 8. Bb5+ Bd7 9. Qa4 Nc6 10. Nf3 e6 11. 0-0 a6 12. Be2 Be7 13. h3 0-0 14. Rfc1 Na5 15. Qd1 Rc8 16. Ne5 Nc4 17. Nd3 b5 18. b3 Na3 19. Nc5 Qa5 20. f3 1/2-1/2

[Event "Livigno op-A 3rd"]
[Site "Livigno"]
[Date "2012.09.11"]
[Round "2"]
[White "Franciosi, Fausto"]
[Black "Codenotti, Marco"]
[Result "0-1"]
[WhiteElo "2074"]
[BlackElo "2334"]
[PlyCount "148"]
[EventDate "2012.09.10"]
[EventType "swiss"]
[EventRounds "9"]
[EventCountry "ITA"]
[SourceTitle "CBM 150 Extra"]
[Source "ChessBase"]
[SourceDate "2012.10.19"]
[SourceVersion "1"]
[SourceVersionDate "2012.10.19"]
[SourceQuality "1"]

1. d4 Nf6 2. c4 Nc6 3. Nf3 e6 4. a3 d6 5. Nc3 g6 6. e4 Bg7 7. Be2 0-0 8. 0-0 Re8 9. Be3 e5 10. d5 Nd4 11. Nxd4 exd4 12. Bxd4 Nxe4 13. Bxg7 Kxg7 14. Nxe4 Rxe4 15. Bd3 Rd4 16. Qc2 c6 17. Be4 c5 18. Rad1 Rxd1 19. Rxd1 f5 20. Bd3 Bd7 21. Re1 Qf6 22. Qc3 Re8 23. Qxf6+ Kxf6 24. Rxe8 Bxe8 25. f4 Ba4 26. Kf2 Bb3 27. g3 Ke7 28. Ke3 b5 29. Be2 bxc4 30. Bf3 Bc2 31. Be2 Bb3 32. Bf3 c3 33. bxc3 Bc4 34. h4 h5 35. Kd2 Kd7 36. Kc2 Kc7 37. Kb2 Kb6 38. a4 Ka5 39. Ka3 Bd3 40. Bd1 c4 41. Kb2 Kb6 42. Kc1 a5 43. Kd2 Kc5 44. Bf3 Be4 45. Bxe4 fxe4 46. Ke2 Kxd5 47. Ke3 Ke6 48. Kxe4 d5+ 49. Ke3 Kd7 50. Kd2 Kd6 51. Ke2 Kc5 52. Ke3 d4+ 53. cxd4+ Kd5 54. g4 hxg4 55. f5 gxf5 56. h5 f4+ 57. Ke2 f3+ 58. Kf2 c3 59. h6 c2 60. h7 c1Q 61. h8Q Qg5 62. Qe8 Kxd4 63. Qd7+ Ke4 64. Qe6+ Kf4 65. Qc4+ Kf5 66. Qd5+ Kg6 67. Qg8+ Kh5 68. Qh7+ Qh6 69. Qf5+ Kh4 70. Qxa5 Qf6 71. Qc7 Qd4+ 72. Ke1 Qe4+ 73. Kd2 Kh3 74. Qc5 Kg2 0-1

[Event "Livigno op-A 2nd"]
[Site "Livigno"]
[Date "2011.09.14"]
[Round "4"]
[White "Franciosi, Fausto"]
[Black "Kock, Hans Uwe"]
[Result "1-0"]
[WhiteElo "2069"]
[BlackElo "2117"]
[PlyCount "64"]
[EventDate "2011.09.12"]
[EventType "swiss"]
[EventRounds "9"]
[EventCountry "ITA"]
[SourceTitle "CBM 144 Extra"]
[Source "ChessBase"]
[SourceDate "2011.10.28"]
[SourceVersion "1"]
[SourceVersionDate "2011.10.28"]
[SourceQuality "1"]

1. d4 Nf6 2. c4 g6 3. Nc3 Bg7 4. e4 d6 5. Nf3 0-0 6. Be2 e5 7. d5 a5 8. Bg5 h6 9. Bh4 Na6 10. Nd2 Bd7 11. a3 Qc8 12. Rb1 b6 13. b4 axb4 14. axb4 Nh7 15. Qc2 f5 16. f3 Nf6 17. Bf2 f4 18. Nb5 Bxb5 19. cxb5 Nb8 20. Rc1 Nfd7 21. Qxc7 Qxc7 22. Rxc7 Ra2 23. Bd1 Bf6 24. Ke2 Bd8 25. Rc8 Be7 26. Rxf8+ Kxf8 27. Bb3 Ra7 28. Nc4 Rb7 29. g3 Kf7 30. gxf4 exf4 31. e5 dxe5 32. d6 Kg7 1-0